Vývoj teórie strategického manažmentu pod vplyvom meniaceho sa prostredia

Uložené v:
Podrobná bibliografia
Hlavný autor: Papula, Jozef
Médium: Kniha
Jazyk:Slovak
Vydavateľské údaje: Bratislava KARTPRINT 2004
Predmet:
Tagy: Pridať tag
Žiadne tagy, Buďte prvý, kto otaguje tento záznam!

MARC

LEADER 00000nam$a2200000$$$4500
001 0033529
005 20240314091422.8
020 |a 80-88870-40-2 
041 0 |a slo 
044 |a SK 
245 1 0 |a Vývoj teórie strategického manažmentu pod vplyvom meniaceho sa prostredia  |c Jozef Papula 
264 1 |a Bratislava  |b KARTPRINT  |c 2004 
300 |a 271 s. 
610 2 0 |a manažment strategický 
610 2 0 |a plán strategický 
610 2 0 |a plánovanie strategické 
610 2 0 |a stratégia podnikateľská 
610 2 0 |a rozhodovanie strategické 
610 2 0 |a riadenie strategické 
610 2 0 |a stratégia podniková 
610 2 0 |a teórie ekonomické 
100 1 |a Papula, Jozef